000 00286nam a2200133Ia 4500
100 _aAndleigh/ Thakrar
942 _cBK
654 _amultimedia
245 _aMultimedia systems design
260 _bPrentice Hall
_c2003
082 _a4.65
_bAND
300 _a654
546 _aENGLISH
999 _c32465
_d32465